| 000 | 00752cam a2200229 a 4500 | ||
|---|---|---|---|
| 003 | BD-DhSAU | ||
| 005 | 20231030152729.0 | ||
| 008 | 861024s2021 ii a b 001 0 eng | ||
| 020 | _a9789388892841 | ||
| 040 | _aBD-DhSAU | ||
| 082 |
_222 _a636.2085 _bR865 |
||
| 245 | 1 | 0 |
_aRuminant Clinical Nutrition : _cEdited by Jaspal Singh Hundal, Udeybir Singfh Chahal and Jaswinder Singh |
| 260 |
_aNew Delhi : _bInternational Books & Periodical Supply Service _cc2021 |
||
| 300 |
_axvi, 332 p. : _bill. ; _c22 cm. |
||
| 504 | _aIncludes bibliographical references | ||
| 590 | _akobir | ||
| 650 | 0 |
_aNutrition _vRuminant Climical |
|
| 700 | _aHundal, Jaspal Singh | ||
| 700 | _aChahal, Udeybir Singh | ||
| 700 | _aSingh, Jaswinder | ||
| 942 |
_2ddc _cBOOK |
||
| 999 |
_c17240 _d17239 |
||